[Event "21st Rubinstein Memorial"]
[Site "Polanica Zdroj POL"]
[Date "1983.08.??"]
[Round "11"]
[White "Sygulski, Artur"]
[Black "Szymczak, Zbigniew"]
[WhiteElo "2390"]
[BlackElo "2420"]
[Result "1/2-1/2"]
[EventDate "1983.08.03"]
[PlyCount "91"]
1. d4 d5 2. Nf3 Nf6 3. Bf4 g6 4. e3 Bg7 5. Be2 O-O 6. O-O c5 7. c3 cxd4 8. exd4 Nc6 9. Nbd2 Nh5 10. Be3 f5 11. Nb3 Nf6 12. Qc1 a5 13. Re1 b6 14. Bb5 Na7 15. Bd3 a4 16. Nbd2 Nh5 17. Bg5 Nf6 18. Nb1 Ne4 19. Bf4 Nc6 20. Na3 Ba6 21. Bxa6 Rxa6 22. Re2 e6 23. Ng5 Qd7 24. f3 Nxg5 25. Bxg5 Re8 26. Qd2 b5 27. Nc2 Rb6 28. a3 Na5 29. Rae1 Nc4 30. Qc1 e5 31. dxe5 Rxe5 32. Rxe5 Bxe5 33. f4 Bd6 34. Bh4 Bc5+ 35. Bf2 Bxf2+ 36. Kxf2 Re6 37. Rxe6 Qxe6 38. Nd4 Qe8 39. h3 Kf7 40. g4 fxg4 41. hxg4 Qe4 42. Nf3 h6 43. Kg3 Qd3 44. Qg1 Nd2 45. Qa7+ Ke6 46. Qb6+ 1/2-1/2

[Event "21st Rubinstein Memorial"]
[Site "Polanica Zdroj POL"]
[Date "1983.08.??"]
[Round "12"]
[White "Abramovic, Bosko"]
[Black "Sygulski, Artur"]
[WhiteElo "2480"]
[BlackElo "2390"]
[Result "0-1"]
[EventDate "1983.08.03"]
[PlyCount "66"]
1. e4 e5 2. Nf3 Nc6 3. Bb5 a6 4. Ba4 Nf6 5. O-O b5 6. Bb3 Be7 7. Re1 O-O 8. a4 Bb7 9. d3 d6 10. Bg5 Na5 11. Ba2 c5 12. Nbd2 Nh5 13. Be3 Nf4 14. Bxf4 exf4 15. c3 Kh8 16. d4 Qc7 17. Rc1 c4 18. b3 cxb3 19. Nxb3 Nc4 20. Qc2 g6 21. Nbd2 Nxd2 22. Qxd2 f5 23. e5 g5 24. exd6 Bxd6 25. d5 Qg7 26. Qd4 Rf6 27. Nxg5 Qxg5 28. Re6 Raf8 29. Rce1 Qg7 30. axb5 axb5 31. Qb6 Rg8 32. g3 Rxe6 33. dxe6 fxg3 0-1

[Event "21st Rubinstein Memorial"]
[Site "Polanica Zdroj POL"]
[Date "1983.08.??"]
[Round "12"]
[White "Ardiansyah, Haji"]
[Black "Lukov, Valentin"]
[WhiteElo "2450"]
[BlackElo "2465"]
[Result "1/2-1/2"]
[EventDate "1983.08.03"]
[PlyCount "75"]
1. e4 c5 2. Nf3 d6 3. d4 cxd4 4. Nxd4 Nf6 5. Nc3 a6 6. Bg5 e6 7. f4 Qb6 8. Bxf6 gxf6 9. Qd2 Qxb2 10. Nb3 Nc6 11. Be2 d5 12. Na4 Qa3 13. Nb6 d4 14. O-O Rb8 15. f5 Qb4 16. Nxc8 Qxd2 17. Nxd2 Rxc8 18. fxe6 fxe6 19. Rxf6 Ke7 20. Raf1 Ne5 21. Bh5 Rxc2 22. Nb3 Rg8 23. g3 Bg7 24. Rxe6+ Kd7 25. Nxd4 Rc4 26. Bf7 Rf8 27. Rxe5 Bxe5 28. Bxc4 Bxd4+ 29. Kg2 Rxf1 30. Bxf1 Kd6 31. Kf3 Ke5 32. h4 h6 33. g4 Kf6 34. a4 b5 35. Bxb5 axb5 36. axb5 Bb6 37. g5+ hxg5 38. hxg5+ 1/2-1/2

[Event "21st Rubinstein Memorial"]
[Site "Polanica Zdroj POL"]
[Date "1983.08.??"]
[Round "12"]
[White "Ksieski, Zbigniew"]
[Black "Stoica, Valentin"]
[WhiteElo "2415"]
[BlackElo "2440"]
[Result "0-1"]
[EventDate "1983.08.03"]
[PlyCount "100"]
1. d4 Nf6 2. c4 e6 3. Nf3 b6 4. Nc3 Bb4 5. e3 Bb7 6. Bd2 O-O 7. Bd3 d5 8. cxd5 exd5 9. O-O Re8 10. Ne5 c5 11. a3 Bxc3 12. Bxc3 c4 13. Bc2 Nc6 14. f3 Ne7 15. g4 Nc8 16. Qe1 h6 17. Qf2 a5 18. Rae1 Nd6 19. Bb1 Nh7 20. h4 Nf8 21. Kh1 b5 22. Rg1 Bc8 23. h5 Be6 24. Rg2 Nh7 25. Reg1 Ng5 26. Rh2 Qb6 27. Bd2 f6 28. Ng6 b4 29. e4 dxe4 30. Bxg5 fxg5 31. fxe4 Bd7 32. Ne5 Bc6 33. Nxc6 Qxc6 34. d5 Qc7 35. e5 Rxe5 36. axb4 axb4 37. Qd4 Nb5 38. Qd2 b3 39. Re2 Qd6 40. Rxe5 Qxe5 41. Re1 Qg3 42. Re4 Qf3+ 43. Kh2 c3 44. bxc3 Nxc3 45. d6 Rd8 46. d7 Nxe4 47. Qd5+ Qf7 48. Bxe4 Qxd5 49. Bxd5+ Kf8 50. Bxb3 Rxd7 0-1

[Event "21st Rubinstein Memorial"]
[Site "Polanica Zdroj POL"]
[Date "1983.08.??"]
[Round "12"]
[White "Szymczak, Zbigniew"]
[Black "Kruszynski, Wlodzimierz"]
[WhiteElo "2420"]
[BlackElo "2435"]
[Result "1/2-1/2"]
[EventDate "1983.08.03"]
[PlyCount "26"]
1. Nf3 Nf6 2. c4 e6 3. g3 b6 4. Bg2 Bb7 5. O-O Be7 6. Nc3 O-O 7. b3 d5 8. cxd5 Nxd5 9. Nxd5 Bxd5 10. Bb2 Bf6 11. Bxf6 Qxf6 12. Qc2 c5 13. Rac1 Nd7 1/2-1/2

[Event "21st Rubinstein Memorial"]
[Site "Polanica Zdroj POL"]
[Date "1983.08.??"]
[Round "13"]
[White "Hernandez Onna, Roman"]
[Black "Stempin, Pawel"]
[WhiteElo "2375"]
[BlackElo "2380"]
[Result "1/2-1/2"]
[EventDate "1983.08.03"]
[PlyCount "34"]
1. d4 Nf6 2. Nf3 e6 3. c4 b6 4. Nc3 Bb4 5. e3 Bb7 6. Bd3 Ne4 7. O-O Bxc3 8. bxc3 f5 9. d5 Nc5 10. Nd4 O-O 11. f3 Nba6 12. Bc2 Qf6 13. a4 Qe5 14. dxe6 dxe6 15. a5 Qf6 16. Ba3 Rad8 17. Qe2 Qe5 1/2-1/2

[Event "21st Rubinstein Memorial"]
[Site "Polanica Zdroj POL"]
[Date "1983.08.??"]
[Round "13"]
[White "Lechtynsky, Jiri"]
[Black "Szymczak, Zbigniew"]
[WhiteElo "2475"]
[BlackElo "2420"]
[Result "1-0"]
[EventDate "1983.08.03"]
[PlyCount "71"]
1. Nf3 Nf6 2. g3 b6 3. Bg2 Bb7 4. c4 c5 5. O-O e6 6. Nc3 Be7 7. d4 cxd4 8. Qxd4 d6 9. Rd1 a6 10. b3 Nbd7 11. e4 Qc7 12. Ba3 Nc5 13. e5 dxe5 14. Qxe5 Rc8 15. Qxc7 Rxc7 16. Ne5 Bxg2 17. Kxg2 Ncd7 18. Bxe7 Kxe7 19. Nxd7 Nxd7 20. Re1 Nf6 21. Nd5+ Nxd5 22. cxd5 Rc2 23. Re4 Rd8 24. dxe6 fxe6 25. Rae1 Rdd2 26. Rxe6+ Kf7 27. Re7+ Kf8 28. Re8+ Kf7 29. R1e7+ Kf6 30. Re6+ Kf5 31. g4+ Kxg4 32. Rf8 Rxa2 33. Re7 g6 34. Rxh7 Ra5 35. h3+ Kg5 36. Kg3 1-0

[Event "21st Rubinstein Memorial"]
[Site "Polanica Zdroj POL"]
[Date "1983.08.??"]
[Round "13"]
[White "Lukov, Valentin"]
[Black "Farago, Ivan"]
[WhiteElo "2465"]
[BlackElo "2495"]
[Result "0-1"]
[EventDate "1983.08.03"]
[PlyCount "60"]
1. d4 Nf6 2. c4 e6 3. Nf3 b6 4. Nc3 Bb4 5. Bd2 Bb7 6. e3 O-O 7. Bd3 c5 8. a3 Bxc3 9. Bxc3 cxd4 10. Bxd4 d6 11. Bc3 Nbd7 12. b4 e5 13. Be2 Ne4 14. Bb2 f5 15. O-O Rf6 16. Qb3 Kh8 17. Rad1 Rg6 18. Kh1 Qe7 19. Qa4 a6 20. Rc1 Rd8 21. Bc3 f4 22. exf4 exf4 23. Qd1 Ne5 24. Bd4 Ng5 25. Re1 Re8 26. Nxe5 dxe5 27. Bf1 Nf3 28. gxf3 Qg5 29. Bh3 Qh5 30. Bg2 Rxg2 0-1

[Event "21st Rubinstein Memorial"]
[Site "Polanica Zdroj POL"]
[Date "1983.08.??"]
[Round "13"]
[White "Stoica, Valentin"]
[Black "Ardiansyah, Haji"]
[WhiteElo "2440"]
[BlackElo "2450"]
[Result "0-1"]
[EventDate "1983.08.03"]
[PlyCount "62"]
1. e4 c5 2. Nf3 Nc6 3. d4 cxd4 4. Nxd4 Nf6 5. Nc3 d6 6. Bc4 e6 7. Be3 Be7 8. Bb3 O-O 9. f4 Qa5 10. O-O Nxd4 11. Bxd4 b5 12. e5 Ne8 13. Qf3 Rb8 14. Qg3 dxe5 15. Bxe5 Rb6 16. Bd4 b4 17. Ne4 Bb7 18. Rae1 Rb5 19. Kh1 Rh5 20. Qe3 Qf5 21. Qe2 Rh4 22. Qf3 Qg6 23. Bf2 Rh6 24. f5 exf5 25. Nf6+ Nxf6 26. Qxb7 Ng4 27. Qxe7 Rxh2+ 28. Kg1 h6 29. Bh4 Ne3 30. Qb7 Rxg2+ 31. Kh1 Rg4 0-1

[Event "21st Rubinstein Memorial"]
[Site "Polanica Zdroj POL"]
[Date "1983.08.??"]
[Round "13"]
[White "Sygulski, Artur"]
[Black "Dydyshko, Viacheslav"]
[WhiteElo "2390"]
[BlackElo "2460"]
[Result "1/2-1/2"]
[EventDate "1983.08.03"]
[PlyCount "112"]
1. d4 Nf6 2. c4 e6 3. g3 Bb4+ 4. Bd2 Qe7 5. Bg2 Nc6 6. a3 Bxd2+ 7. Qxd2 d6 8. Nc3 e5 9. dxe5 dxe5 10. Nd5 Nxd5 11. cxd5 Nd4 12. Qc3 Bd7 13. e3 O-O 14. Nf3 Bh3 15. Bxh3 Nxf3+ 16. Ke2 Nd4+ 17. Kf1 Nb5 18. Qb4 Nd6 19. Rc1 f5 20. f3 Rf7 21. Kg2 h5 22. e4 fxe4 23. fxe4 Kh8 24. Be6 Rf6 25. Rhe1 Raf8 26. Re2 Rf3 27. Qe1 Qf6 28. a4 c5 29. Bh3 b6 30. Kg1 Qg5 31. Bg2 Rd3 32. Rc3 Rd4 33. b3 Qg4 34. h3 Qg6 35. Kh2 Rf6 36. Rf3 Qh6 37. Ree3 Kh7 38. Rxf6 Qxf6 39. h4 Qg6 40. Qe2 Kh6 41. Qf3 Rd2 42. Re2 Rxe2 43. Qxe2 Qf6 44. Kg1 g6 45. Qe3+ Kg7 46. Bf1 Kf7 47. Kg2 Ke7 48. Be2 Nf7 49. Qf3 Qh8 50. g4 hxg4 51. Qxg4 Qf6 52. Kg3 Nd6 53. Bd3 Kd8 54. Qf3 Qg7 55. Qe3 Ke7 56. Qg5+ Qf6 1/2-1/2

[Event "21st Rubinstein Memorial"]
[Site "Polanica Zdroj POL"]
[Date "1983.08.??"]
[Round "14"]
[White "Abramovic, Bosko"]
[Black "Lechtynsky, Jiri"]
[WhiteElo "2480"]
[BlackElo "2475"]
[Result "1/2-1/2"]
[EventDate "1983.08.03"]
[PlyCount "29"]
1. e4 e6 2. d4 d5 3. Nc3 Nf6 4. Bg5 dxe4 5. Nxe4 Nbd7 6. Nf3 Be7 7. Nxf6+ Bxf6 8. Bxf6 Qxf6 9. Be2 O-O 10. O-O e5 11. dxe5 Nxe5 12. Nxe5 Qxe5 13. c3 Be6 14. Bf3 Qb5 15. Qc2 1/2-1/2

[Event "21st Rubinstein Memorial"]
[Site "Polanica Zdroj POL"]
[Date "1983.08.??"]
[Round "14"]
[White "Ardiansyah, Haji"]
[Black "Hresc, Vladimir"]
[WhiteElo "2450"]
[BlackElo "2450"]
[Result "1-0"]
[EventDate "1983.08.03"]
[PlyCount "77"]
1. d4 Nf6 2. c4 g6 3. g3 Bg7 4. Bg2 O-O 5. Nc3 d6 6. Nf3 Nbd7 7. O-O e5 8. h3 Re8 9. e4 exd4 10. Nxd4 Nc5 11. Re1 a5 12. b3 a4 13. b4 Ne6 14. Be3 Nd7 15. Rc1 Nxd4 16. Bxd4 Bxd4 17. Qxd4 Ne5 18. Nd5 Bxh3 19. f4 Bxg2 20. fxe5 dxe5 21. Qf2 Bh3 22. Kh2 Be6 23. Nf6+ Kg7 24. Nxe8+ Qxe8 25. Qc5 Qc6 26. Qxe5+ f6 27. Qd4 Re8 28. b5 Qd7 29. Qc3 Rd8 30. Rcd1 Qxd1 31. Rxd1 Rxd1 32. e5 f5 33. Qb4 Rd7 34. Qxa4 b6 35. Qa8 Bxc4 36. Qc6 Rd2+ 37. Kg1 Bxa2 38. Qxc7+ Kh6 39. Qc1 1-0

[Event "21st Rubinstein Memorial"]
[Site "Polanica Zdroj POL"]
[Date "1983.08.??"]
[Round "14"]
[White "Dydyshko, Viacheslav"]
[Black "Kruszynski, Wlodzimierz"]
[WhiteElo "2460"]
[BlackElo "2435"]
[Result "1-0"]
[EventDate "1983.08.03"]
[PlyCount "47"]
1. d4 Nf6 2. c4 e6 3. Nf3 b6 4. g3 Ba6 5. b3 Bb4+ 6. Bd2 Be7 7. Nc3 c6 8. e4 d5 9. Qe2 dxe4 10. Nxe4 Bb7 11. Bg2 c5 12. Nfg5 Nxe4 13. Nxe4 Nc6 14. dxc5 f5 15. Bc3 fxe4 16. Rd1 Qc8 17. Bxg7 Kf7 18. Bxh8 Qxh8 19. Bxe4 Rd8 20. O-O bxc5 21. Rxd8 Bxd8 22. Qh5+ Kg7 23. Bxc6 Bxc6 24. Qe5+ 1-0

[Event "21st Rubinstein Memorial"]
[Site "Polanica Zdroj POL"]
[Date "1983.08.??"]
[Round "14"]
[White "Farago, Ivan"]
[Black "Stoica, Valentin"]
[WhiteElo "2495"]
[BlackElo "2440"]
[Result "1-0"]
[EventDate "1983.08.03"]
[PlyCount "69"]
1. d4 Nf6 2. c4 c5 3. d5 a6 4. a4 e6 5. Nc3 exd5 6. cxd5 d6 7. Nf3 g6 8. Nd2 Nbd7 9. e4 Bg7 10. Be2 O-O 11. O-O Re8 12. f4 Rb8 13. Re1 Qc7 14. Kh1 b6 15. Bf1 Nh5 16. Nf3 Nhf6 17. Bc4 Bb7 18. h3 h6 19. Qd3 Ra8 20. Bd2 Nh7 21. e5 dxe5 22. d6 Qd8 23. Nxe5 Nxe5 24. fxe5 Qh4 25. d7 Rf8 26. e6 fxe6 27. Bxe6+ Kh8 28. Bd5 Bxd5 29. Nxd5 Bxb2 30. Ne7 Qd4 31. Nxg6+ Kg7 32. Qxd4+ Bxd4 33. Nxf8 Kxf8 34. Rab1 c4 35. Bb4+ 1-0

[Event "21st Rubinstein Memorial"]
[Site "Polanica Zdroj POL"]
[Date "1983.08.??"]
[Round "14"]
[White "Flis, Jacek"]
[Black "Hernandez Onna, Roman"]
[WhiteElo "2410"]
[BlackElo "2375"]
[Result "1/2-1/2"]
[EventDate "1983.08.03"]
[PlyCount "23"]
1. e4 c5 2. Nf3 Nc6 3. d4 cxd4 4. Nxd4 g6 5. Nc3 Bg7 6. Be3 Nf6 7. Be2 O-O 8. O-O d5 9. exd5 Nxd5 10. Nxd5 Nxd4 11. Bxd4 Qxd5 12. Bxg7 1/2-1/2

[Event "21st Rubinstein Memorial"]
[Site "Polanica Zdroj POL"]
[Date "1983.08.??"]
[Round "14"]
[White "Stempin, Pawel"]
[Black "Sygulski, Artur"]
[WhiteElo "2380"]
[BlackElo "2390"]
[Result "0-1"]
[EventDate "1983.08.03"]
[PlyCount "77"]
1. d4 Nf6 2. c4 e6 3. Nf3 Bb4+ 4. Nbd2 O-O 5. a3 Be7 6. e4 d5 7. e5 Ne4 8. Qc2 f5 9. exf6 Nxf6 10. Bd3 Nc6 11. c5 Qe8 12. Nf1 e5 13. dxe5 Bd8 14. Be3 Nxe5 15. Nxe5 Qxe5 16. O-O-O Kh8 17. f4 Qh5 18. Ng3 Qf7 19. h3 c6 20. Rhf1 Bc7 21. Bd4 Be6 22. Ne2 Rae8 23. g4 Ne4 24. f5 Bc8 25. Nc3 Nxc3 26. Qxc3 Bd8 27. f6 Bxf6 28. Rxf6 gxf6 29. Rf1 Kg8 30. Bxf6 Qe6 31. g5 Qxh3 32. Kc2 Re4 33. Rf2 Bf5 34. Bxe4 Bxe4+ 35. Kd2 Qxc3+ 36. bxc3 Re8 37. Bd4 Bg6 38. Rf6 Re4 39. Rd6 0-1

[Event "21st Rubinstein Memorial"]
[Site "Polanica Zdroj POL"]
[Date "1983.08.??"]
[Round "14"]
[White "Szymczak, Zbigniew"]
[Black "Lukov, Valentin"]
[WhiteElo "2420"]
[BlackElo "2465"]
[Result "1/2-1/2"]
[EventDate "1983.08.03"]
[PlyCount "25"]
1. d4 Nf6 2. c4 e6 3. Nf3 b6 4. Nc3 Bb7 5. a3 d5 6. cxd5 Nxd5 7. Qc2 c5 8. e4 Nxc3 9. bxc3 Be7 10. Bd3 Nc6 11. Bb2 Rc8 12. Qe2 O-O 13. O-O 1/2-1/2

[Event "21st Rubinstein Memorial"]
[Site "Polanica Zdroj POL"]
[Date "1983.08.??"]
[Round "15"]
[White "Hresc, Vladimir"]
[Black "Farago, Ivan"]
[WhiteElo "2450"]
[BlackElo "2495"]
[Result "1/2-1/2"]
[EventDate "1983.08.03"]
[PlyCount "146"]
1. e4 e6 2. d4 d5 3. Nd2 Nf6 4. Bd3 c5 5. e5 Nfd7 6. c3 Nc6 7. Ne2 cxd4 8. cxd4 f6 9. exf6 Nxf6 10. O-O Qb6 11. Nf3 Bd6 12. a3 O-O 13. Qc2 Bd7 14. Bg5 h6 15. Bh4 Rac8 16. Qb1 Be8 17. Bg3 Bxg3 18. hxg3 Bh5 19. Rd1 e5 20. dxe5 Ng4 21. Rf1 Ncxe5 22. Nxe5 Nxe5 23. Nf4 Bf7 24. Bf5 Rc7 25. Re1 Re8 26. Nd3 Qd4 27. Qd1 Nxd3 28. Rxe8+ Bxe8 29. Qxd3 Qxd3 30. Bxd3 Ba4 31. Kf1 Bc2 32. Ke2 Kf7 33. Ke3 Bxd3 34. Kxd3 Ke6 35. Re1+ Kd6 36. b3 a5 37. Re8 Kc5 38. g4 b5 39. Re6 b4 40. a4 Rc6 41. Re5 Rg6 42. f3 Rg5 43. Re6 h5 44. Ra6 hxg4 45. Rxa5+ Kc6 46. Rb5 gxf3 47. gxf3 Rf5 48. Ke3 Re5+ 49. Kf2 Re7 50. Rxb4 Kc5 51. Rb5+ Kd4 52. a5 Rc7 53. b4 Rc2+ 54. Kg3 Ra2 55. Rb6 Kc4 56. a6 d4 57. f4 d3 58. Kf3 Ra1 59. Ke3 Re1+ 60. Kd2 Re2+ 61. Kd1 Kc3 62. b5 Rd2+ 63. Ke1 Re2+ 64. Kf1 Ra2 65. Rc6+ Kd4 66. Rc7 Ra1+ 67. Kf2 d2 68. Rd7+ Kc3 69. Ke2 Re1+ 70. Kf3 Ra1 71. Ke2 Re1+ 72. Kf2 Ra1 73. f5 Kc2 1/2-1/2

[Event "21st Rubinstein Memorial"]
[Site "Polanica Zdroj POL"]
[Date "1983.08.??"]
[Round "15"]
[White "Kruszynski, Wlodzimierz"]
[Black "Stempin, Pawel"]
[WhiteElo "2435"]
[BlackElo "2380"]
[Result "1/2-1/2"]
[EventDate "1983.08.03"]
[PlyCount "31"]
1. e4 c5 2. Nf3 d6 3. d4 cxd4 4. Nxd4 Nf6 5. Nc3 e6 6. Be2 Be7 7. O-O Nc6 8. Be3 O-O 9. f4 e5 10. fxe5 dxe5 11. Nf5 Bxf5 12. Rxf5 Qxd1+ 13. Rxd1 g6 14. Rf2 Nd4 15. Bg5 Kg7 16. Bd3 1/2-1/2

[Event "21st Rubinstein Memorial"]
[Site "Polanica Zdroj POL"]
[Date "1983.08.??"]
[Round "15"]
[White "Ksieski, Zbigniew"]
[Black "Ardiansyah, Haji"]
[WhiteElo "2415"]
[BlackElo "2450"]
[Result "1/2-1/2"]
[EventDate "1983.08.03"]
[PlyCount "27"]
1. d4 d5 2. c4 dxc4 3. Nf3 Nf6 4. Nc3 a6 5. e3 b5 6. a4 b4 7. Nb1 e6 8. Bxc4 Bb7 9. Nbd2 Nbd7 10. Nb3 Bd6 11. Na5 Be4 12. Bd3 c5 13. Nc4 Bc7 14. O-O 1/2-1/2

[Event "21st Rubinstein Memorial"]
[Site "Polanica Zdroj POL"]
[Date "1983.08.??"]
[Round "15"]
[White "Lechtynsky, Jiri"]
[Black "Dydyshko, Viacheslav"]
[WhiteElo "2475"]
[BlackElo "2460"]
[Result "1/2-1/2"]
[EventDate "1983.08.03"]
[PlyCount "80"]
1. Nf3 Nf6 2. d4 g6 3. Bg5 Bg7 4. Nbd2 d6 5. c3 O-O 6. e4 Nbd7 7. Be2 h6 8. Bh4 Nh5 9. O-O Nf4 10. Bc4 Qe8 11. Re1 e5 12. dxe5 dxe5 13. Qc2 Nb6 14. Bf1 Be6 15. Bg3 Rd8 16. a4 Nd7 17. b4 Qe7 18. Nc4 Qf6 19. Nfd2 Nh5 20. Ne3 c6 21. Bc4 Nxg3 22. hxg3 h5 23. Qa2 Bxc4 24. Ndxc4 Bh6 25. Rad1 Nb6 26. a5 Nxc4 27. Nxc4 Qe6 28. Qe2 Bg5 29. Ne3 Rxd1 30. Rxd1 Rd8 31. Rxd8+ Bxd8 32. Qd3 Be7 33. Kf1 Qd6 34. Ke2 Qxd3+ 35. Kxd3 f6 36. Nc4 Kf7 37. a6 bxa6 38. Na5 c5 39. Kc4 cxb4 40. cxb4 Ke6 1/2-1/2

[Event "21st Rubinstein Memorial"]
[Site "Polanica Zdroj POL"]
[Date "1983.08.??"]
[Round "15"]
[White "Stoica, Valentin"]
[Black "Szymczak, Zbigniew"]
[WhiteElo "2440"]
[BlackElo "2420"]
[Result "1/2-1/2"]
[EventDate "1983.08.03"]
[PlyCount "110"]
1. e4 e6 2. d4 d5 3. Nd2 c5 4. exd5 exd5 5. Ngf3 Nc6 6. Bb5 Bd6 7. dxc5 Bxc5 8. Nb3 Bd6 9. O-O Nge7 10. Re1 O-O 11. h3 Bf5 12. c3 Qc7 13. Bd3 Rad8 14. Bg5 Bxd3 15. Qxd3 h6 16. Be3 Ng6 17. Rad1 Nge5 18. Nxe5 Nxe5 19. Qf5 Nc4 20. Bc1 Be5 21. Qf3 Qc6 22. Nd4 Qf6 23. b3 Bxd4 24. Rxd4 Qxf3 25. gxf3 Nb6 26. Ba3 Rfe8 27. Rxe8+ Rxe8 28. Bc5 Re2 29. a4 Rc2 30. Bb4 Rb2 31. a5 Nd7 32. Rxd5 Nf6 33. Rd8+ Kh7 34. Ra8 a6 35. Rb8 Rxb3 36. Rxb7 Nd5 37. Rb6 Nxc3 38. Bd6 Nb5 39. Kg2 Rb2 40. Be5 Re2 41. f4 f6 42. Bb8 Re8 43. Bd6 Kg6 44. Bc5 Nc7 45. Rc6 Ne6 46. Be3 Kf5 47. Kf3 g5 48. fxg5 Nxg5+ 49. Ke2 Re6 50. Rc5+ Re5 51. Rxe5+ fxe5 52. Bxg5 hxg5 53. Kf3 e4+ 54. Kg3 Kf6 55. Kg4 Kg6 1/2-1/2